Metódy výberu optimálneho variantu inovačného projektu

Vymedzenie pojmov inovácia a inovačný projekt. Hodnotenie efektívnosti inovačného projektu. Metódy výberu optimálneho inovačného projektu.

Na minha lista:
Detalhes bibliográficos
Autor principal: Závarská, Zuzana
Formato: Capítulo de Livro
Idioma:eslovaco
Assuntos:
Tags: Adicionar Tag
Sem tags, seja o primeiro a adicionar uma tag!

MARC

LEADER 00000naa$a2200000$$$4500
001 0052467
005 20231107105848.6
041 0 |a slo 
044 |a CZ 
245 1 0 |a Metódy výberu optimálneho variantu inovačného projektu  |c Zuzana Závarská 
520 |a Vymedzenie pojmov inovácia a inovačný projekt. Hodnotenie efektívnosti inovačného projektu. Metódy výberu optimálneho inovačného projektu. 
610 2 0 |a projekty racionalizačné 
610 2 0 |a inovácia 
610 2 0 |a výhody komparatívne 
610 2 0 |a podnik 
610 2 0 |a efektívnosť ekonomická 
610 2 0 |a výkonnosť 
100 1 |a Závarská, Zuzana